00678nam a22001937a 4500999001900000005001700019010001500036020002600051035001400077037001300091082001000104100001500114245005800129260003800187270007700225300002100302942002400323952013700347 c188349d18834920220519143340.0 aENG-132701 a9788177356694c150.00 aEN-116233 bDBAD/PUB a483.1 aThomas, D. a4000 Phrasal Verbs and 1000 Modifications/cD. Thomas aChennaibPavai Publicationsc2011 a142, Jani Jan Khan Road, RoyapettahbChennaie600014mpavai123@yahoo.com a320p.c21cm(pbk) 2ddccENh483.1mTHO 001040708NFICaBL1bBL1d2022-05-19eDBAD/PUBg150.00l6m1o483.1 THOpEN-116233r2024-09-17 00:00:00s2024-09-02t1v150.00yEN